Statistics for Insect bites and stings

Click here to take the quiz!

General Stats

  • This quiz has been taken 14 times
  • The average score is 4 of 6

Answer Stats

Answer% Correct
Spider
90%
Wasp
90%
Mosquito
80%
Bed bug
60%
Tick
50%
Chigger
0%

Score Distribution

Percentile by Number Answered

Percent of People with Each Score

Your Score History

You have not taken this quiz